Chemical Pathology: (Record no. 4824)

MARC details
000 -LEADER
fixed length control field 01013cam a2200277 a 4500
001 - CONTROL NUMBER
control field 3525660
003 - CONTROL NUMBER IDENTIFIER
control field OSt
005 - DATE AND TIME OF LATEST TRANSACTION
control field 20191125122330.0
008 - FIXED-LENGTH DATA ELEMENTS--GENERAL INFORMATION
fixed length control field 960723s1996 si a f 001 0 eng c
010 ## - LIBRARY OF CONGRESS CONTROL NUMBER
LC control number 96032476
020 ## - INTERNATIONAL STANDARD BOOK NUMBER
International Standard Book Number 981022849X (pbk.)
020 ## - INTERNATIONAL STANDARD BOOK NUMBER
International Standard Book Number 9810228023
040 ## - CATALOGING SOURCE
Original cataloging agency DNLM/DLC
Transcribing agency DLC
Modifying agency DLC
082 ## - DEWEY DECIMAL CLASSIFICATION NUMBER
Classification number QY90 W162c 1996
100 1# - MAIN ENTRY--PERSONAL NAME
Personal name Walmsley, R. N.; Cain, H. J.; Walmsley, R. N.
9 (RLIN) 3293
245 10 - TITLE STATEMENT
Title Chemical Pathology:
Remainder of title interpretative pocket book
260 ## - PUBLICATION, DISTRIBUTION, ETC. (IMPRINT)
Place of publication, distribution, etc. Singapore;
Name of publisher, distributor, etc. World Scientific,
Date of publication, distribution, etc. 1996.
300 ## - PHYSICAL DESCRIPTION
Extent xiii, 208 p. :
Other physical details ill. ;
Dimensions 19 cm.
500 ## - GENERAL NOTE
General note Companion vol. to: Cases in chemical pathology / R.N. Walmsley, L.R. Watkinson, E.S.C. Koay. 3rd ed. c1992.
500 ## - GENERAL NOTE
General note Includes index.
650 #0 - SUBJECT ADDED ENTRY--TOPICAL TERM
Topical term or geographic name as entry element Clinical chemistry
9 (RLIN) 10349
650 12 - SUBJECT ADDED ENTRY--TOPICAL TERM
Topical term or geographic name as entry element Clinical pathology
9 (RLIN) 10350
906 ## - LOCAL DATA ELEMENT F, LDF (RLIN)
a 7
b cbc
c orignew
d 1
e ocip
f 19
g y-gencatlg
942 ## - ADDED ENTRY ELEMENTS (KOHA)
Source of classification or shelving scheme Other/Generic Classification Scheme
Koha item type Open Shelf
Holdings
Withdrawn status Lost status Source of classification or shelving scheme Damaged status Not for loan Home library Current library Date acquired Source of acquisition Inventory number Total Checkouts Full call number Barcode Date last seen Koha item type
    Other/Generic Classification Scheme     MUST Main Library MUST Main Library 21/07/2016 Purchase 15/39210   QY90 W162c 1996 2016-3353 21/07/2016 Open Shelf
    Other/Generic Classification Scheme     MUST Main Library MUST Main Library 21/07/2016 Purchase 15/39209   QY90 W162c 1996 2016-3354 21/07/2016 Open Shelf